Statystyki dla Rozpoznaj gwiazdę WWE po jej zdjęciu #2

Kliknij tutaj aby rozwiązać quiz!

Ogólne statystyki

  • Ten quiz został rozwiązany 307 razy
  • Średni wynik to 10 z 15

Statystyki odpowiedzi

Odpowiedź% Poprawnych
Xavier Woods
89%
Eddie Guerrero
87%
Chris Benoit
86%
AJ Lee
83%
Christian
78%
Rob Van Dam
77%
Mojo Rawley
68%
Aiden English
61%
Curt Hawkins
59%
No Way Jose
59%
Tyler Bate
53%
Scott Steiner
49%
Owen Hart
45%
Oney Lorcan
39%
Viscera
37%

Rozkład punktacji

Percentyl według liczby udzielonych odpowiedzi

Procent ludzi z każdym wynikiem

Twoja historia wyników

Nie rozwiązałeś tego quizu